000 00964nam0a2200289 4500
001 RU\NLR\BIBL_A\022467125
005 20250805160813.4
035 _a(NLR Aleph) 022467125
090 _a13367247
_c13367247
100 _a20250224d1944 y0rusy50 ca
101 0 _aarm
102 _aGE
105 _ay z 000 y
181 0 _ai
_baxxe
182 0 _an
200 1 _aՇավարշ Մամյան
_fՎ.Ատրյան
203 _aТекст
_bвизуальный
_cнепосредственный
210 _aԹբիլիսի
_bՎրացական ՍՍՌ պետհրատ
_d1944
215 _a63,[3] c.
_d16
541 1 _6z01790
_aШаварш Мамян
_eрассказ
_zrus
700 1 _aԱտրյան
_bՎ.
_4070
790 0 _6z01541
_aАтрян
_bВ. О.
_f1896-
_gВартан Оганесович
942 _cBOOK
945 _aРоссийская национальная библиотека
980 _aNB
980 _aBV